Progress in the construction of higher education facilities: (Record no. 34389)

MARC details
000 -LEADER
fixed length control field 01445cam a22003131 4500
001 - CONTROL NUMBER
control field hew62000157
003 - CONTROL NUMBER IDENTIFIER
control field DLC
005 - DATE AND TIME OF LATEST TRANSACTION
control field 20260227111512.0
008 - FIXED-LENGTH DATA ELEMENTS--GENERAL INFORMATION
fixed length control field 720706s1962 xx 000 0 eng
010 ## - LIBRARY OF CONGRESS CONTROL NUMBER
LC control number hew62000157
035 ## - SYSTEM CONTROL NUMBER
System control number (OCoLC)349546
040 ## - CATALOGING SOURCE
Original cataloging agency DLC
Transcribing agency ODaU
Modifying agency OCoLC
-- DLC
042 ## - AUTHENTICATION CODE
Authentication code premarc
050 00 - LIBRARY OF CONGRESS CALL NUMBER
Classification number L111
Item number .A72 no. 665
086 0# - GOVERNMENT DOCUMENT CLASSIFICATION NUMBER
Classification number OE-51002
100 1# - MAIN ENTRY--PERSONAL NAME
Personal name Bokelman, W. Robert.
245 10 - TITLE STATEMENT
Title Progress in the construction of higher education facilities:
Remainder of title detailed analysis, 1958-59, trends analysis, 1951-59,
Statement of responsibility, etc. by W. Robert Bokelman and Leslie F. Robbins.
260 ## - PUBLICATION, DISTRIBUTION, ETC.
Place of publication, distribution, etc. [Washington]
Name of publisher, distributor, etc. U.S. Dept. of Health, Education, and Welfare, Office of Education; [for sale by the Superintendent of Documents, U.S. Govt. Print Off.,
Date of publication, distribution, etc. 1962]
300 ## - PHYSICAL DESCRIPTION
Extent vi, 57 p.
Other physical details diagrs., tables.
Dimensions 26 cm.
490 1# - SERIES STATEMENT
Series statement United States. Office of Education. Circular
Volume/sequential designation no. 665
500 ## - GENERAL NOTE
General note "OE-51002."
500 ## - GENERAL NOTE
General note Bound with Circular no. 662-no. 673. Washington : United States, Department of the Interior, Office of Education : For sale by the Supt. of Docs., U.S.G.P.O., 1961-62 subsequent to publication.
504 ## - BIBLIOGRAPHY, ETC. NOTE
Bibliography, etc. note Bibliographical footnotes.
650 #0 - SUBJECT ADDED ENTRY--TOPICAL TERM
Topical term or geographic name entry element College buildings.
650 #0 - SUBJECT ADDED ENTRY--TOPICAL TERM
Topical term or geographic name entry element Universities and colleges
Geographic subdivision United States
General subdivision Finance
710 1# - ADDED ENTRY--CORPORATE NAME
Corporate name or jurisdiction name as entry element Robbins, Leslie Frank,
Date of meeting or treaty signing 1898-
Relator term joint author
740 0# - ADDED ENTRY--UNCONTROLLED RELATED/ANALYTICAL TITLE
Uncontrolled related/analytical title Construction of higher education facilities
830 #0 - SERIES ADDED ENTRY--UNIFORM TITLE
Uniform title Circular (United States. Office of Education) ;
Volume/sequential designation no. 665.

No items available.

Powered by Koha